Tess of the d'Urbervilles: a pure woman
Αποθηκεύτηκε σε:
| Κύριος συγγραφέας: | |
|---|---|
| Μορφή: | Βιβλίο |
| Γλώσσα: | Αγγλικά |
| Έκδοση: |
Londres
Collins
1958
|
| Θέματα: | |
| Ετικέτες: |
Προσθήκη ετικέτας
Δεν υπάρχουν, Καταχωρήστε ετικέτα πρώτοι!
|
MARC
| LEADER | 00000nam a2200000 a 4500 | ||
|---|---|---|---|
| 001 | UCP1466 | ||
| 003 | CL-VaPUC | ||
| 008 | 990409e19580000UK |||||||||||||||||eng|d | ||
| 082 | 0 | 4 | |a 823 |b HAR |2 21 |
| 100 | |a Hardy, Thomas, |d 1840-1928 |e author |9 418616 | ||
| 245 | 1 | 0 | |a Tess of the d'Urbervilles: a pure woman |
| 300 | |a 448 p | ||
| 942 | |c BK | ||
| 945 | |d 19990409 00:00:00 |a lriquelm | ||
| 260 | |a Londres |b Collins |c 1958 | ||
| 650 | 0 | |a Novelas inglesas |9 265220 | |
| 650 | 0 | |a Literatura inglesa |9 312907 | |
| 583 | |a last modification |c 19990409 00:00:00 |k Rodrigo Vera | ||
| 999 | |c 280141 |d 280139 | ||
| 952 | |0 0 |1 0 |4 0 |6 823_000000000000000_HAR_1958 |7 0 |8 A |9 320165 |a BIBEDU |b BIBEDU |d 2019-11-20 |i 1341472 |o 823 HAR 1958 |p 1341472 |r 2019-11-20 |w 2019-11-20 |y BK |k LIT | ||
| 952 | |0 0 |1 0 |4 0 |6 823_000000000000000_HAR_1958 |7 0 |8 A |9 320166 |a BIBEDU |b BIBEDU |d 2019-11-20 |i 1341480 |o 823 HAR 1958 |p 1341480 |r 2019-11-20 |w 2019-11-20 |y BK |k LIT | ||
| 952 | |0 0 |1 0 |4 0 |6 823_000000000000000_HAR_1958 |7 0 |8 A |9 320167 |a BIBEDU |b BIBEDU |d 2019-11-20 |i 1341499 |o 823 HAR 1958 |p 1341499 |r 2019-11-20 |w 2019-11-20 |y BK |k LIT | ||
| 952 | |0 0 |1 0 |4 0 |6 823_000000000000000_HAR_1958 |7 0 |8 A |9 320168 |a BIBEDU |b BIBEDU |d 2019-11-20 |i 1341502 |o 823 HAR 1958 |p 1341502 |r 2019-11-20 |w 2019-11-20 |y BK |k LIT | ||
| 952 | |0 0 |1 0 |4 0 |6 823_000000000000000_HAR_1958 |7 0 |8 A |9 320169 |a BIBEDU |b BIBEDU |d 2019-11-20 |i 1341510 |o 823 HAR 1958 |p 1341510 |r 2019-11-20 |w 2019-11-20 |y BK |k LIT | ||